[Event "CZE-chT2a 0001"]
[Site "Czech Republic"]
[Date "2001.??.??"]
[Round "9"]
[White "Pacovsky, Jiri"]
[Black "Kucera, Petr"]
[Result "1/2-1/2"]
[WhiteElo "2335"]
[BlackElo "2375"]
[PlyCount "72"]
[EventDate "2000.??.??"]
[EventType "team"]
[EventRounds "11"]
[EventCountry "CZE"]
[SourceTitle "EXT 2003"]
[Source "ChessBase"]
[SourceDate "2002.11.25"]
[SourceVersion "1"]
[SourceVersionDate "2002.11.25"]
[SourceQuality "1"]

1. c4 Nf6 2. Nc3 e6 3. e4 d5 4. cxd5 exd5 5. e5 Ne4 6. d4 Bb4 7. Qa4+ Nc6 8. Bb5 Bd7 9. Nge2 Nxc3 10. bxc3 Be7 11. 0-0 a6 12. Bxc6 Bxc6 13. Qc2 Bb5 14. Re1 Bxe2 15. Qxe2 0-0 16. a4 Qd7 17. a5 Rfe8 18. Bf4 Qc6 19. Qd3 Bf8 20. Reb1 Reb8 21. h3 b5 22. axb6 Rxb6 23. Rxb6 cxb6 24. Rxa6 Rxa6 25. Qxa6 Qxc3 26. Qxb6 Qe1+ 27. Kh2 Qxf2 28. Bc1 Qe1 29. Bf4 Qe4 30. Bc1 Qe1 31. Bf4 h6 32. Bg3 Qe4 33. Bf2 Ba3 34. Qb8+ Bf8 35. Kh1 g5 36. Qd8 Qb1+ 1/2-1/2

[Event "CZE-chT2a 0001"]
[Site "Czech Republic"]
[Date "2001.??.??"]
[Round "7"]
[White "Pacovsky, Jiri"]
[Black "Reznicek, Tomas"]
[Result "1/2-1/2"]
[WhiteElo "2335"]
[BlackElo "2325"]
[PlyCount "139"]
[EventDate "2000.??.??"]
[EventType "team"]
[EventRounds "11"]
[EventCountry "CZE"]
[SourceTitle "EXT 2003"]
[Source "ChessBase"]
[SourceDate "2002.11.25"]
[SourceVersion "1"]
[SourceVersionDate "2002.11.25"]
[SourceQuality "1"]

1. c4 Nf6 2. Nc3 g6 3. g3 Bg7 4. Bg2 0-0 5. Nf3 c6 6. e4 d5 7. cxd5 cxd5 8. e5 Ne4 9. 0-0 Nc6 10. d4 Nxc3 11. bxc3 Na5 12. Nd2 Bf5 13. Qf3 Be6 14. Nb3 Nxb3 15. axb3 Qb6 16. Ba3 Rfe8 17. Qe3 Bf8 18. c4 Red8 19. c5 Qc6 20. h3 h5 21. Kh2 Kh7 22. f4 Bf5 23. Qe2 Qe6 24. Rh1 Bh6 25. b4 h4 26. Bc1 hxg3+ 27. Kxg3 a6 28. Ra3 Qc6 29. Bf3 Be4 30. Be3 f6 31. Rha1 Rab8 32. h4 Qe6 33. Bg4 Bf5 34. Rh1 Rf8 35. Bc1 Rf7 36. Bxf5 gxf5 37. Kh2 Rg8 38. Rg3 Rxg3 39. Kxg3 Rg7+ 40. Kh2 Rg4 41. Qf2 Qf7 42. Rg1 Rxg1 43. Kxg1 fxe5 44. dxe5 Qh5 45. Bd2 Qg4+ 46. Qg2 Qxg2+ 47. Kxg2 Kg6 48. Kf3 e6 49. Kg3 Bf8 50. Be3 Be7 51. Kh3 Kh5 52. Bf2 Bd8 53. Be1 d4 54. Bf2 d3 55. Be1 Bxh4 56. Bd2 Bf2 57. Kg2 Bd4 58. Kg3 Kg6 59. Kh3 Kf7 60. Kh4 Ke7 61. Kg5 Kf7 62. Kh6 Bf2 63. Kh7 Bh4 64. Kh6 Be7 65. Kh7 Bf8 66. Be1 a5 67. bxa5 Bxc5 68. Bd2 Be7 69. Kh6 Bd8 70. Kh7 1/2-1/2

[Event "CZE-chT 9900"]
[Site "Czech Republic"]
[Date "2000.03.18"]
[Round "10"]
[White "Krajina, Ales"]
[Black "Pacovsky, Jiri"]
[Result "0-1"]
[WhiteElo "2296"]
[BlackElo "2344"]
[PlyCount "88"]
[EventDate "1999.10.23"]
[EventType "team-tourn"]
[EventRounds "11"]
[EventCountry "CZE"]
[SourceTitle "EXT 2019"]
[Source "ChessBase"]
[SourceDate "2018.10.10"]
[SourceVersion "1"]
[SourceVersionDate "2018.10.10"]
[SourceQuality "1"]
[WhiteTeam "Ostrava Labortech"]
[BlackTeam "Pardubice RC Sport"]
[WhiteTeamCountry "CZE"]
[BlackTeamCountry "CZE"]

1. e4 e5 2. Nf3 Nc6 3. d4 exd4 4. Nxd4 d6 5. Nc3 Nf6 6. Bb5 Bd7 7. 0-0 Be7 8. Re1 0-0 9. Be2 Re8 10. f4 Bf8 11. Bf3 g6 12. Be3 Bg7 13. h3 a6 14. Kh2 h6 15. a3 Qe7 16. Qd3 Rad8 17. Rad1 Ne5 18. fxe5 dxe5 19. Nd5 Nxd5 20. exd5 exd4 21. Bxd4 Qd6+ 22. Kg1 Bf5 23. Qc3 Bxd4+ 24. Qxd4 Bxc2 25. Rc1 Bf5 26. Qa4 Bd7 27. Qh4 Kh7 28. b4 Rxe1+ 29. Rxe1 Re8 30. Rxe8 Bxe8 31. Qd4 Bd7 32. Qc5 Qxc5+ 33. bxc5 Kg7 34. Kf2 Kf6 35. Ke3 Ke5 36. h4 b6 37. d6 bxc5 38. dxc7 Bc8 39. Kd3 Kd6 40. Kc4 Be6+ 41. Kc3 Kxc7 42. h5 g5 43. Be2 a5 44. Kd3 f5 0-1

[Event "CZE-chT2 9900"]
[Site "Czech Republic"]
[Date "2000.??.??"]
[Round "?"]
[White "Chloupek, Stanislav"]
[Black "Pacovsky, Jiri"]
[Result "1/2-1/2"]
[WhiteElo "2360"]
[BlackElo "2350"]
[PlyCount "64"]
[EventDate "1999.??.??"]
[EventType "team"]
[EventRounds "11"]
[EventCountry "CZE"]
[SourceTitle "EXT 2001"]
[Source "ChessBase"]
[SourceDate "2000.11.22"]
[SourceVersion "1"]
[SourceVersionDate "2000.11.22"]
[SourceQuality "1"]

1. Nf3 d5 2. d4 Nf6 3. c4 c6 4. Qb3 Qb6 5. Nc3 Bf5 6. c5 Qxb3 7. axb3 g6 8. e3 Bg7 9. b4 0-0 10. b5 Ne4 11. Be2 Nd7 12. Nh4 Nxc3 13. bxc3 Nxc5 14. Nxf5 gxf5 15. Ba3 Ne4 16. bxc6 bxc6 17. Bxe7 Rfe8 18. Bb4 a5 19. Rxa5 Rxa5 20. Bxa5 Ra8 21. f3 Rxa5 22. fxe4 Ra1+ 23. Bd1 fxe4 24. Kd2 Bh6 25. Re1 Kf8 26. Re2 Ke7 27. Bb3 f5 28. g3 Bg5 29. Rf2 Ke6 30. c4 Bh6 31. cxd5+ cxd5 32. Re2 Bg5 1/2-1/2

[Event "CZE-chT2 9900"]
[Site "Czech Republic"]
[Date "2000.??.??"]
[Round "?"]
[White "Pacovsky, Jiri"]
[Black "Trichkov, Vasil"]
[Result "1/2-1/2"]
[WhiteElo "2350"]
[BlackElo "2350"]
[PlyCount "91"]
[EventDate "1999.??.??"]
[EventType "team"]
[EventRounds "11"]
[EventCountry "CZE"]
[SourceTitle "EXT 2001"]
[Source "ChessBase"]
[SourceDate "2000.11.22"]
[SourceVersion "1"]
[SourceVersionDate "2000.11.22"]
[SourceQuality "1"]

1. c4 Nf6 2. Nc3 c5 3. Nf3 b6 4. g3 Bb7 5. Bg2 e6 6. 0-0 Be7 7. b3 0-0 8. d4 cxd4 9. Nxd4 Bxg2 10. Kxg2 Qc7 11. Bb2 a6 12. e3 Nc6 13. Rc1 Ne5 14. e4 Qb7 15. Qe2 Bc5 16. Nf3 Nxf3 17. Qxf3 Bd4 18. Rfe1 d6 19. Qd3 e5 20. Nd1 Bxb2 21. Nxb2 Rfd8 22. Nd1 b5 23. Nc3 bxc4 24. Qxc4 Rac8 25. Qd3 h5 26. f3 Qb4 27. Nd5 Nxd5 28. Qxd5 Qa3 29. Qd2 a5 30. Rc2 a4 31. bxa4 Qxa4 32. Rec1 Rxc2 33. Qxc2 Ra8 34. Qxa4 Rxa4 35. Rc2 Kf8 36. Kf2 Ke7 37. Ke3 Ra3+ 38. Ke2 Ke6 39. Rd2 g6 40. Kf2 f5 41. Ke2 Ra6 42. h4 Kf6 43. Ke3 g5 44. hxg5+ Kxg5 45. exf5 Kxf5 46. a4 1/2-1/2

[Event "CZE-chT 9900"]
[Site "Czech Republic"]
[Date "1999.12.18"]
[Round "5"]
[White "Moravec, Michal"]
[Black "Pacovsky, Jiri"]
[Result "1/2-1/2"]
[WhiteElo "2269"]
[BlackElo "2350"]
[PlyCount "21"]
[EventDate "1999.10.23"]
[EventType "team-tourn"]
[EventRounds "11"]
[EventCountry "CZE"]
[SourceTitle "EXT 2019"]
[Source "ChessBase"]
[SourceDate "2018.10.10"]
[SourceVersion "1"]
[SourceVersionDate "2018.10.10"]
[SourceQuality "1"]
[WhiteTeam "Kolin SK Sokol"]
[BlackTeam "Pardubice RC Sport"]
[WhiteTeamCountry "CZE"]
[BlackTeamCountry "CZE"]

1. c4 c6 2. f4 d5 3. cxd5 cxd5 4. Nf3 Nc6 5. g3 Nf6 6. Bg2 Qb6 7. d3 e6 8. Nc3 Bd7 9. a3 a5 10. d4 Be7 11. e3 1/2-1/2